000 00436nam a22001817a 4500
003 MPLRDC
005 20220104114112.0
008 210129b ||||| |||| 00| 0 eng d
020 _a962-226-159-0
082 _a782.886 JWG
100 _a李达编著
245 _a蒋纬国传
_c
250 _a初版
260 _a
_b广角镜出版社有限公司
_c1988
300 _b
650 _a蒋纬国传记
942 _cBK
_o782.886 JWG
999 _c4831
_d4821